000 00223nam a2200097Ia 4500
008 170620s9999 xx 000 0 und d
100 _aSharma.O.P
245 0 _aSkills & Ruled Athletics
260 _bNew delhi.Khel.S.k
260 _c2005
300 _a158
999 _c27660
_d27660